00251nam a2200097Ia 4500008004100000245005300041250001100094260001900105260001200124300001700136191206s9999 xx 000 0 und d 0aThree men in a boat: (to say nothing of the dog) a2d ed. aA. Francke ag. cc[1944] a44 p. 20 cm.